000 00331 a2200145 4500
001 151198
040 _cEscola São Tomás de Aquino
100 _aMACHADO, Ana Maria
240 1 0 _aOs três porquinhos
_lpor
245 1 0 _aOs três porquinhos
362 0 _a1996
440 1 _aFTD
697 _a*LITERATURA INFANTIL
942 _cBK
999 _c151198
_d151198